01465nam a2200337Ia 450000500170000000800410001702000220005810000290008024501040010925000190021330000510023249000240028350501450030765000550045265000550050765000350056265000340059765000350063165000420066670000360070870000450074474001400078994200150092926400340094433600270097833700330100533800280103804000350106608400110110199900150111220220317001153.0160825s2008 sp a g 000 0 spa  a9,7884846458e+0121 aLobel, Arnoldd1933-1987 aHistorias de ratonescescrito e ilustrado por Arnold Lobel ; traducido por Xosé Manuel González a4a. edición  a64 páginas bilustraciones en color c22 cm  aLibros para soñar aEl pozo de los deseos; Nubes -- Ratón muy alto y ratón muy bajo -- El ratón y los vientos -- El viaje -- El ratón viejo -- El baño142LEMBaCuentos infantiles estadounidensesySiglo XX142LEMBaLiteratura infantil estadounidenseySiglo XX142LEMBaRatones en la literatura142LEMBaDeseso en la literatura142LEMB aViajes en la literatura142LEMB aLibros ilustrados para niños1 aLobel, Arnoldd1933-1987 934981 aGonzález, Xosé Manuel., "Oli"96713832aEl pozo de los deseos aNubes aRatón muy alto, ratón muy bajo aEl ratón viejo aEl baño aEl ratón y los vientos aEl viaje 2loccBKINF aPontevedra bKalandrakac2008 atextobtxt2rdacontent asin mediaciónbn2rdamedia avolumenbnc2rdacarrier aCO-BoRNBPbspaerdacCO-BoRNBP aC LOB1 c6138d6138